000 01126nam a2200253Ia 4500
003 OSt
005 20200821233231.0
008 191128t2016 ck fr 000 0 spa d
020 _a9789585888463
040 _aCO-JMCR
_cCO-JMCR
041 0 _aspa
082 0 4 _a347.014 /
_bH493s
_223
100 1 _aHenao Ospina, Marino Tadeo,
_eautor
_99095
245 1 0 _aSelección de jueces de altas cortes en el derecho público comparado /
_cMarino Tadeo Henao Ospina
250 _aPrimera edición
260 _aBogotá :
_bCuéllar Editores,
_c©2016
300 _axvii, 186 páginas ;
_c23 cm.
490 0 _a(Free press. Temas controversiales del acontecer mundial)
504 _aBibliografía : páginas 179-186
505 0 _aEl proceso de nominación y confirmación -- Nominados: confirmados y no confirmados -- Independencia de la corte suprema -- De "La boca de la ley" al control de la constitucionalidad de las leyes -- Carrera judicial y consejos de la judicatura
650 1 4 _aJueces
_xselección y nombramiento
_zColombia
_99096
650 1 4 _aDerecho comparado
_xaspectos jurídicos
_zColombia
_99097
942 _2ddc
_cBK
999 _c4605
_d4605